Catálogo - Centro de Recursos para el Aprendizaje y la Investigación
Volver al Sitio - CRAI Biblioteca| 000 -CABECERA | |
|---|---|
| campo de control de longitud fija | 02033nam a2200373 4500 |
| 001 - NÚMERO DE CONTROL | |
| campo de control | 114410 |
| 003 - IDENTIFICADOR DEL NÚMERO DE CONTROL | |
| campo de control | DR-UNIBE |
| 005 - FECHA Y HORA DE LA ÚLTIMA TRANSACCIÓN | |
| campo de control | 20260226100430.0 |
| 008 - DATOS DE LONGITUD FIJA--INFORMACIÓN GENERAL | |
| campo de control de longitud fija | 260226b2006 dr ||||| |||| 00| 0 spa d |
| 020 ## - NÚMERO INTERNACIONAL ESTÁNDAR DEL LIBRO | |
| Número Internacional Estándar del Libro | 9789945296983 |
| 040 ## - FUENTE DE LA CATALOGACIÓN | |
| Centro catalogador/agencia de origen | BIBLIOTECA UNIBE |
| Lengua de catalogación | spa |
| Centro/agencia transcriptor | BIBLIOTECA UNIBE |
| Normas de descripción | rda |
| 041 ## - CÓDIGO DE LENGUA | |
| Código de lengua del texto/banda sonora o título independiente | spa |
| 090 ## - LOCALMENTE ASIGNADO TIPO-LC NÚMERO DE CLASIFICACIÓN (OCLC); NÚMERO DE CLASIFICACIÓN LOCAL (RLIN) | |
| Número de clasificación (OCLC) (R) ; Numero de clasificación, CALL (RLIN) (NR) | FBIU-EB NF B446t |
| 100 1o - ENTRADA PRINCIPAL--NOMBRE DE PERSONA | |
| Nombre de persona | Bello de Moreta, Fátima, |
| Fechas asociadas al nombre | 1957- |
| Títulos y otros términos asociados al nombre | Ganadora del programa Unibemprende 2024 |
| 9 (RLIN) | 202762 |
| Término indicativo de función/relación | autor |
| 245 10 - MENCIÓN DE TÍTULO | |
| Título | Titiriteando : |
| Resto del título | el arte de los títeres con la hormiguita artesanal / |
| Mención de responsabilidad, etc. | Fatima Bello de Moreta ; diseño y diagramación: Kelvin A. Ortis Castillo ; corrección de estilo: Carmen Rosa Estrada Paulino ; diseño de portada y fotografia: Fondeur Bello ProServices EIRL ; presentación: Mercedes Hernández Caamaño; colaboradoras: Miriam Villalona de Fiallo, Roa Ariza de Valera, Elizabeth Ricart, Roa Peña Paula, María Altagracia de la Rosa de Jesús |
| 250 ## - MENCIÓN DE EDICIÓN | |
| Mención de edición | Primera edición |
| 260 ## - PUBLICACIÓN, DISTRIBUCIÓN, ETC. | |
| Lugar de publicación, distribución, etc. | Santo Domingo, |
| Nombre del editor, distribuidor, etc. | Editora Búho |
| Fecha de publicación, distribución, etc. | 2016 |
| 300 ## - DESCRIPCIÓN FÍSICA | |
| Extensión | 59 páginas : |
| Otras características físicas | fotos a color ; |
| Dimensiones | 22 x 22 cm |
| 500 ## - NOTA GENERAL | |
| Nota general | Semblanza del autor y colaboradoras al final de la obra. Canción "La hormiguita artesana" al final de la obra. Comentario de la obra en la contraportada |
| 504 ## - NOTA DE BIBLIOGRAFÍA, ETC. | |
| Nota de bibliografía, etc. | Incluye bibliografía |
| 650 #7 - PUNTO DE ACCESO ADICIONAL DE MATERIA--TÉRMINO DE MATERIA | |
| Fuente del encabezamiento o término | lemb |
| Término de materia o nombre geográfico como elemento de entrada | Títeres |
| Subdivisión general | Elaboración |
| 9 (RLIN) | 202777 |
| 650 #7 - PUNTO DE ACCESO ADICIONAL DE MATERIA--TÉRMINO DE MATERIA | |
| Fuente del encabezamiento o término | lemb |
| Término de materia o nombre geográfico como elemento de entrada | Lúdica |
| 9 (RLIN) | 85462 |
| 650 #7 - PUNTO DE ACCESO ADICIONAL DE MATERIA--TÉRMINO DE MATERIA | |
| Fuente del encabezamiento o término | lemb |
| Término de materia o nombre geográfico como elemento de entrada | Terapia con títeres |
| 9 (RLIN) | 202778 |
| 650 #7 - PUNTO DE ACCESO ADICIONAL DE MATERIA--TÉRMINO DE MATERIA | |
| Fuente del encabezamiento o término | lemb |
| Término de materia o nombre geográfico como elemento de entrada | Títeres en la educación |
| 9 (RLIN) | 202779 |
| 700 10 - PUNTO DE ACCESO ADICIONAL--NOMBRE DE PERSONA | |
| Nombre de persona | Ortis Castillo, Kelvin A. |
| 9 (RLIN) | 202766 |
| Término indicativo de función/relación | diseñador |
| -- | diagramador |
| 700 10 - PUNTO DE ACCESO ADICIONAL--NOMBRE DE PERSONA | |
| Nombre de persona | Estrada Paulino, Carmen Rosa |
| Término indicativo de función/relación | corrector de estilo |
| 9 (RLIN) | 202767 |
| 700 10 - PUNTO DE ACCESO ADICIONAL--NOMBRE DE PERSONA | |
| Nombre de persona | Villalona de Fiallo, Miriam |
| 9 (RLIN) | 202769 |
| Término indicativo de función/relación | colaborador |
| 700 10 - PUNTO DE ACCESO ADICIONAL--NOMBRE DE PERSONA | |
| Nombre de persona | Ariza de Valera, Rosa |
| 9 (RLIN) | 202770 |
| Término indicativo de función/relación | colaborador |
| 700 10 - PUNTO DE ACCESO ADICIONAL--NOMBRE DE PERSONA | |
| Nombre de persona | Ricart, Elizabeth |
| 9 (RLIN) | 202771 |
| Término indicativo de función/relación | colaborador |
| 700 10 - PUNTO DE ACCESO ADICIONAL--NOMBRE DE PERSONA | |
| Nombre de persona | Peña Paula, Rosa |
| 9 (RLIN) | 202772 |
| Término indicativo de función/relación | colaborador |
| 700 10 - PUNTO DE ACCESO ADICIONAL--NOMBRE DE PERSONA | |
| Nombre de persona | De la Rosa De Jesús, María Altagracia |
| 9 (RLIN) | 202773 |
| Término indicativo de función/relación | colaborador |
| 710 10 - PUNTO DE ACCESO ADICIONAL--NOMBRE DE ENTIDAD CORPORATIVA | |
| Nombre de entidad corporativa o nombre de jurisdicción como elemento de entrada | Fondeu Bello ProServices EIRL |
| 9 (RLIN) | 202768 |
| Término indicativo de función/relación | diseñador de portada |
| -- | retoques fotográficos |
| 942 ## - ELEMENTOS DE PUNTO DE ACCESO ADICIONAL (KOHA) | |
| Fuente del sistema de clasificación o colocación | Sistema de Clasificación Decimal Dewey |
| Tipo de ítem Koha | Libro (general) |
| Estado de retiro | Estado de pérdida | Fuente del sistema de clasificación o colocación | No para préstamo | Código de colección | Localización permanente | Fecha de adquisición | Total de préstamos | Signatura topográfica completa | Código de barras | Fecha visto por última vez | Número de copia | Precio válido a partir de | Tipo de ítem Koha |
|---|---|---|---|---|---|---|---|---|---|---|---|---|---|
| Disponible | Sistema de Clasificación Decimal Dewey | No se presta | Fondo Bibliográfico IBBY-UNIBE | Biblioteca Central UNIBE | 26/02/2026 | FBIU-EB NF B446t | FBIU0927 | 26/02/2026 | Ej. 1 | 26/02/2026 | Libro (reserva) | ||
| Disponible | Sistema de Clasificación Decimal Dewey | No se presta | Fondo Bibliográfico IBBY-UNIBE | Biblioteca Central UNIBE | 26/02/2026 | FBIU-EB NF B446t | FBIU0928 | 26/02/2026 | Ej.2 | 26/02/2026 | Libro (reserva) |